Detalles MARC
| 000 -LIDER |
| fixed length control field |
01024nam a2200313 c 4500 |
| 001 - NÚMERO DE CONTROL |
| Identificador de número de control |
a5604940 |
| 003 - IDENTIFICACDOR DE NÚMERO DE CONTROL |
| control field |
SpMaBN |
| 005 - DATE AND TIME OF LATEST TRANSACTION |
| control field |
20221004124856.0 |
| 008 - ELEMENTOS DE LONGITUD FIJA |
| fixed length control field |
150203s2018 ch a | 001 0dspa |
| 020 ## - ISBN |
| International Standard Book Number |
9787119090252 |
| 020 ## - ISBN |
| International Standard Book Number |
9787119111704 (v.2) |
| 040 ## - FUENTE DE CATALOGACIÓN |
| Agencia que crea de manera original el registro |
BPMSU |
| Idioma de catalogación |
spa |
| Agencia que realiza la transcripción |
BPMSU |
| Convenciones de la despripción |
|
| 082 ## - NÚMERO DE CLASIFICACIÓN DECIMAL DE DEWEY |
| Classification number |
320.951 |
| Item number |
X6g 2018 |
| Edition number |
22 |
| 100 1# - ASIENTO PRINCIPAL -- NOMBRE PERSONAL |
| Nombre personal |
Xi, Jinping |
| Fechas asociadas con el nombre |
1953- |
| Authority record control number |
|
| 245 13 - MENCIÓN DE TITULO |
| Título |
La gobernación y administración de China / |
| Mención de responsabilidad |
Xi Jinping |
| 260 ## - PUBLICACIÓN, DISTRIBUCIÓN, ETC. (PIE DE IMPRENTA) |
| Lugar de publicación, distribución, etc |
Beijing : |
| Nombre del editor, distribuidor, etc. |
Ediciones en Lenguas Extranjeras, |
| Fecha de publicación, distribución, etc |
2018 |
| 300 ## - DESCRIPCIÓN FÍSICA |
| Extensión |
vi, 579 p, [44] p. de láminas : |
| Otros detalles físicos |
fotografías ; |
| Dimensiones |
24 cm. |
| 500 ## - NOTA GENERAL |
| Nota general |
Incluye apéndice documental |
| 500 ## - NOTA GENERAL |
| Nota general |
Incluye referencias bibliográficas y notas al pie de las páginas |
| 500 ## - NOTA GENERAL |
| Nota general |
Incluye índice |
| 590 ## - NOTA LOCAL |
| Enlace |
Inventariado, 2022/VM |
| 610 14 - ENCABEZAMIENTO DE MATERIA--NOMBRE CORPORATIVO |
| Nombre corporativo o de jurisdicción |
China |
| Unidad subordinada |
Gobernación |
| Subdivisión temática general |
Administración . |
| 650 #4 - ENCABEZAMIENTO DE MATERIA--TEMÁTICO |
| Subdivisión geográfica |
China. |
| Término temático o nombre geográfico como elemento de entrada |
Socialismo |
| 651 #4 - ENCABEZAMIENTO DE MATERIA--NOMBRE GEOGRÁFICO |
| Nombre geográfico |
China |
| Subdivisión temática general |
Política y gobierno |
| Subdivisión cronológica |
|
| Fuente del encabezamiento o término |
|
| 651 #4 - ENCABEZAMIENTO DE MATERIA--NOMBRE GEOGRÁFICO |
| Nombre geográfico |
China |
| Subdivisión temática general |
Relaciones exteriores. |
| 651 #4 - ENCABEZAMIENTO DE MATERIA--NOMBRE GEOGRÁFICO |
| Nombre geográfico |
|
| 910 ## - VALIDACIÓN |
| Validación |
VMateoV./Validado |
| 942 ## - ADDED ENTRY ELEMENTS (KOHA) |
| Source of classification or shelving scheme |
Dewey Decimal Classification |
| Koha item type |
Libros |